Statistics for AFL Last 60 Grand Final Winners

Click here to take the quiz!

General Stats

  • This quiz has been taken 131 times
  • The average score is 59 of 61

Answer Stats

HintAnswer% Correct
1961Hawthorn Hawks
99%
2008Hawthorn Hawks
99%
1971Hawthorn Hawks
99%
1976Hawthorn Hawks
99%
1978Hawthorn Hawks
99%
1983Hawthorn Hawks
99%
1986Hawthorn Hawks
99%
1988Hawthorn Hawks
99%
1989Hawthorn Hawks
99%
1991Hawthorn Hawks
99%
2015Hawthorn Hawks
99%
2014Hawthorn Hawks
99%
2013Hawthorn Hawks
99%
2012Sydney Swans
99%
2005Sydney Swans
99%
2018West Coast Eagles
99%
2006West Coast Eagles
99%
1992West Coast Eagles
99%
1994West Coast Eagles
99%
2003Brisbane Lions
98%
2002Brisbane Lions
98%
2001Brisbane Lions
98%
1974Richmond Tigers
98%
2020Richmond Tigers
98%
2019Richmond Tigers
98%
1973Richmond Tigers
98%
1980Richmond Tigers
98%
1969Richmond Tigers
98%
1967Richmond Tigers
98%
2017Richmond Tigers
98%
1990Collingwood Magpies
97%
2010Collingwood Magpies
97%
1993Essendon Bombers
97%
2000Essendon Bombers
97%
1965Essendon Bombers
97%
1962Essendon Bombers
97%
1985Essendon Bombers
97%
1984Essendon Bombers
97%
1963Geelong Cats
97%
2011Geelong Cats
97%
2009Geelong Cats
97%
2007Geelong Cats
97%
2021Melbourne Demons
97%
1964Melbourne Demons
97%
2016Western Bulldogs
97%
1977North Melbourne Kangaroos
94%
1975North Melbourne Kangaroos
94%
1996North Melbourne Kangaroos
94%
1999North Melbourne Kangaroos
94%
1998Adelaide Crows
93%
1997Adelaide Crows
93%
1970Carlton Blues
93%
1982Carlton Blues
93%
1968Carlton Blues
93%
1972Carlton Blues
93%
1995Carlton Blues
93%
1987Carlton Blues
93%
1979Carlton Blues
93%
1981Carlton Blues
93%
2004Port Adelaide Power
92%
1966St Kilda Saints
89%

Score Distribution

Percentile by Number Answered

Percent of People with Each Score

Your Score History

You have not taken this quiz